000 00575nam a22001817a 4500
005 20251108172203.0
008 250721s2000 xx 000 0 ara d
020 _aisbn 9957071491
082 1 4 _a628.5/حسا
100 1 _aحسن حسان، حسن أحمد
245 1 0 _aالتلوث البيئي وأثرة علي النظام الحيوي و الحد من إثارة /
264 1 _aعمان :
_bدار الفكر،
_c2000.
300 _a185ص
650 1 7 _aتلوث المياة
650 1 7 _aالتلوث الكيميائي
942 _2ddc
_cBK
999 _c72640
_d72640